[Event "Olympiad Women-45"]
[Site "Budapest"]
[Date "2024.09.18"]
[Round "7.4"]
[White "Kim, Sarang"]
[Black "Petricenco, Ana"]
[Result "0-1"]
[WhiteElo "1732"]
[BlackElo "1895"]
[PlyCount "86"]
[EventDate "2024.09.11"]
[EventType "team-swiss"]
[EventRounds "11"]
[EventCountry "HUN"]
[SourceTitle "EXT 2025"]
[Source "ChessBase"]
[SourceDate "2024.10.14"]
[SourceVersion "1"]
[SourceVersionDate "2024.10.14"]
[SourceQuality "1"]
[WhiteTeam "South Korea (W)"]
[BlackTeam "Moldova (W)"]
[WhiteTeamCountry "KOR"]
[BlackTeamCountry "MDA"]

1. e4 c5 2. Nc3 d6 3. f4 Nc6 4. Nf3 g6 5. Bc4 Bg7 6. 0-0 e6 7. d3 Nge7 8. g4 0-0 9. Qe1 Nd4 10. Nxd4 Bxd4+ 11. Kh1 d5 12. Bb3 dxe4 13. Nxe4 b6 14. c3 Bg7 15. Qg3 Bb7 16. Kg1 Qc7 17. Qh3 c4 18. Bc2 cxd3 19. Bxd3 Rad8 20. f5 exf5 21. gxf5 Nxf5 22. Rxf5 Rxd3 23. Qxd3 gxf5 24. Nf2 Qc6 25. Qg3 Kh8 26. Bf4 Rg8 27. Kf1 Ba6+ 28. Ke1 Bxc3+ 29. Qxc3+ Qxc3+ 30. bxc3 Rg1+ 31. Kd2 Rxa1 32. Be5+ Kg8 33. Nh3 Rxa2+ 34. Ke3 Re2+ 35. Kf4 Rxh2 36. Ng5 Rf2+ 37. Ke3 Re2+ 38. Kf4 Bd3 39. Nf3 a5 40. Bc7 Re4+ 41. Kg5 Rg4+ 42. Kf6 Rg6+ 43. Ke7 Re6+ 0-1

[Event "Olympiad Women-45"]
[Site "Budapest"]
[Date "2024.09.15"]
[Round "5.43"]
[White "Nithyalakshmi, Sivanesan"]
[Black "Kim, Sarang"]
[Result "1-0"]
[WhiteElo "1912"]
[BlackElo "1732"]
[PlyCount "75"]
[EventDate "2024.09.11"]
[EventType "team-swiss"]
[EventRounds "11"]
[EventCountry "HUN"]
[SourceTitle "EXT 2025"]
[Source "ChessBase"]
[SourceDate "2024.10.14"]
[SourceVersion "1"]
[SourceVersionDate "2024.10.14"]
[SourceQuality "1"]
[WhiteTeam "Malaysia (W)"]
[BlackTeam "South Korea (W)"]
[WhiteTeamCountry "MAS"]
[BlackTeamCountry "KOR"]

1. e4 e6 2. d4 d5 3. e5 c5 4. c3 Ne7 5. Nf3 Nec6 6. Bd3 cxd4 7. 0-0 dxc3 8. Nxc3 Be7 9. a3 a6 10. Re1 0-0 11. Qc2 h6 12. Bf4 f5 13. exf6 Bxf6 14. Bh7+ Kh8 15. Bg3 Nd4 16. Nxd4 Bxd4 17. Ne2 Bxb2 18. Ra2 Bf6 19. Bc7 Qe8 20. Nf4 Rf7 21. Bd6 g5 22. Nxd5 Bd4 23. Qd3 Nc6 24. Bg6 e5 25. Nc7 Qd7 26. Nxa8 Qxd6 27. Nb6 Be6 28. Rd2 Rf6 29. Na4 b5 30. Nb2 Qc5 31. Nd1 Bg4 32. Qc2 Rxf2 33. Nxf2 Qb6 34. Be4 Na5 35. Kh1 Nc4 36. Rxd4 Qxd4 37. Nxg4 Nd6 38. Nxh6 1-0

[Event "Olympiad Women-45"]
[Site "Budapest"]
[Date "2024.09.14"]
[Round "4.61"]
[White "Kim, Sarang"]
[Black "Moreno, Akiane"]
[Result "1-0"]
[WhiteElo "1732"]
[BlackElo "1547"]
[PlyCount "55"]
[EventDate "2024.09.11"]
[EventType "team-swiss"]
[EventRounds "11"]
[EventCountry "HUN"]
[SourceTitle "EXT 2025"]
[Source "ChessBase"]
[SourceDate "2024.10.14"]
[SourceVersion "1"]
[SourceVersionDate "2024.10.14"]
[SourceQuality "1"]
[WhiteTeam "South Korea (W)"]
[BlackTeam "Kap Verde (W)"]
[WhiteTeamCountry "KOR"]
[BlackTeamCountry "KAP"]

1. e4 e5 2. Nf3 Nc6 3. d4 exd4 4. Bc4 Bc5 5. c3 dxc3 6. Bxf7+ Kxf7 7. Qd5+ Ke8 8. Qh5+ g6 9. Qxc5 cxb2 10. Bxb2 Qe7 11. Qxe7+ Ngxe7 12. Bxh8 Nb4 13. Na3 Nec6 14. 0-0 d6 15. Bc3 a5 16. Nd4 Bd7 17. Nxc6 Bxc6 18. f3 Kd7 19. Bxb4 axb4 20. Nc2 Bb5 21. Rfe1 c5 22. Ne3 Ra3 23. Nd5 b3 24. axb3 Rxb3 25. Reb1 c4 26. Rxb3 cxb3 27. Rb1 Bc4 28. Nb6+ 1-0

[Event "Olympiad Women-45"]
[Site "Budapest"]
[Date "2024.09.12"]
[Round "2.58"]
[White "Kim, Sarang"]
[Black "Yaqoob, Wafa"]
[Result "1-0"]
[WhiteElo "1732"]
[BlackElo "1438"]
[PlyCount "105"]
[EventDate "2024.09.11"]
[EventType "team-swiss"]
[EventRounds "11"]
[EventCountry "HUN"]
[SourceTitle "EXT 2025"]
[Source "ChessBase"]
[SourceDate "2024.10.14"]
[SourceVersion "1"]
[SourceVersionDate "2024.10.14"]
[SourceQuality "1"]
[WhiteTeam "South Korea (W)"]
[BlackTeam "Bahrain (W)"]
[WhiteTeamCountry "KOR"]
[BlackTeamCountry "BHN"]

1. e4 c5 2. Nf3 a6 3. c3 d5 4. exd5 Qxd5 5. d4 Nf6 6. Be2 e6 7. 0-0 Nc6 8. Na3 cxd4 9. Nc4 dxc3 10. Nb6 Qxd1 11. Rxd1 cxb2 12. Nxa8 bxc1Q 13. Raxc1 Nd5 14. Ne5 Ba3 15. Rc2 0-0 16. Nc4 Bc5 17. Na5 Ba7 18. Nxc6 bxc6 19. Rb1 c5 20. Bc4 Rd8 21. Rd2 Rd7 22. Bxd5 exd5 23. Re1 Rd8 24. Rxd5 Rf8 25. Rd2 Be6 26. Nc7 Bb6 27. Nxe6 fxe6 28. Rxe6 Rb8 29. Rb2 Rd8 30. g3 Ba5 31. Rb7 Bc3 32. Rxa6 Bd4 33. Rab6 c4 34. Rb4 c3 35. Rb8 Rxb8 36. Rxb8+ Kf7 37. Kf1 Ke6 38. Ke2 Kd5 39. f3 Kc4 40. Rc8+ Kb4 41. Kd3 Bf6 42. Rc4+ Ka3 43. Rxc3+ Bxc3 44. Kxc3 Kxa2 45. Kd4 Kb3 46. Ke5 Kc3 47. h4 Kd3 48. h5 g6 49. f4 Ke3 50. g4 Kf3 51. f5 gxf5 52. gxf5 Kg4 53. f6 1-0

[Event "Biel ATO 57th"]
[Site "Biel"]
[Date "2024.07.20"]
[Round "5"]
[White "Aegerter, Fabrice"]
[Black "Kim, Sarang"]
[Result "1-0"]
[WhiteElo "1917"]
[BlackElo "1660"]
[PlyCount "65"]
[EventDate "2024.07.16"]
[EventType "swiss"]
[EventRounds "9"]
[EventCountry "SUI"]
[SourceTitle "EXT 2025"]
[Source "ChessBase"]
[SourceDate "2024.10.14"]
[SourceVersion "1"]
[SourceVersionDate "2024.10.14"]
[SourceQuality "1"]

1. d4 Nf6 2. Bf4 g6 3. Nc3 Bg7 4. e4 d6 5. Qd2 0-0 6. 0-0-0 a5 7. f3 c6 8. g4 Qc7 9. h4 e5 10. dxe5 dxe5 11. Bh6 Be6 12. h5 Na6 13. Bxg7 Kxg7 14. hxg6 fxg6 15. Qh6+ Kg8 16. g5 Ne8 17. Bh3 Bxh3 18. Qxh3 Rf7 19. f4 Qe7 20. Nf3 exf4 21. e5 Nc5 22. Rhe1 Ne6 23. Ne4 Nc5 24. Nf6+ Kh8 25. Nh4 Rg7 26. Nxh7 Kg8 27. Nf6+ Kf8 28. Nxg6+ Rxg6 29. Qh8+ Kf7 30. e6+ Nxe6 31. Rd7 Qxd7 32. Nxd7 N8c7 33. Ne5+ 1-0

[Event "Biel ATO 57th"]
[Site "Biel"]
[Date "2024.07.16"]
[Round "1"]
[White "Schmid, Nicolas"]
[Black "Kim, Sarang"]
[Result "1-0"]
[WhiteElo "1888"]
[BlackElo "1660"]
[PlyCount "55"]
[EventDate "2024.07.16"]
[EventType "swiss"]
[EventRounds "9"]
[EventCountry "SUI"]
[SourceTitle "EXT 2025"]
[Source "ChessBase"]
[SourceDate "2024.10.14"]
[SourceVersion "1"]
[SourceVersionDate "2024.10.14"]
[SourceQuality "1"]

1. Nf3 d5 2. b3 c5 3. e3 Nc6 4. Bb5 Nf6 5. Bb2 Bg4 6. h3 Bh5 7. g4 Bg6 8. Ne5 Qc7 9. Bxc6+ bxc6 10. d3 e6 11. Nd2 Bd6 12. Ndf3 0-0 13. Qe2 Nd7 14. Nxd7 Qxd7 15. h4 f6 16. h5 Be8 17. g5 fxg5 18. h6 gxh6 19. Rxh6 Bg6 20. 0-0-0 Rf5 21. Rg1 Raf8 22. Nxg5 Rxf2 23. Qg4 Rf1+ 24. Rxf1 Rxf1+ 25. Kd2 Kf8 26. Qh4 Kg8 27. Rxg6+ hxg6 28. Qh8# 1-0

[Event "Asian Games tt (Women)"]
[Site "Hangzhou"]
[Date "2023.10.07"]
[Round "9.7"]
[White "Vantika, Agrawal"]
[Black "Kim, Sarang"]
[Result "1-0"]
[WhiteElo "2435"]
[BlackElo "1381"]
[PlyCount "69"]
[EventDate "2023.09.29"]
[EventType "team-tourn"]
[EventRounds "9"]
[EventCountry "CHN"]
[SourceTitle "CBM 216 Extra"]
[Source "ChessBase"]
[SourceDate "2023.11.30"]
[SourceVersion "1"]
[SourceVersionDate "2023.11.30"]
[SourceQuality "1"]
[WhiteTeam "India (W)"]
[BlackTeam "Korea (W)"]
[WhiteTeamCountry "IND"]
[BlackTeamCountry "KOR"]

1. d4 d5 2. c4 e6 3. Nf3 c6 4. Qc2 Nf6 5. g3 Bd6 6. Bg2 0-0 7. 0-0 Nbd7 8. Nbd2 Re8 9. Rd1 Rb8 10. b3 Nf8 11. Bb2 Ng6 12. e4 dxe4 13. Nxe4 Nxe4 14. Qxe4 Qe7 15. h4 f5 16. Qd3 Rf8 17. h5 Nh8 18. Re1 Nf7 19. c5 Bc7 20. Qxf5 Ne5 21. Qe4 Nxf3+ 22. Bxf3 Qg5 23. Bg4 e5 24. Bxc8 Rbxc8 25. dxe5 Rce8 26. Rad1 Re7 27. Kg2 Ref7 28. Re2 Rf4 29. Qd3 Qg4 30. Red2 Kh8 31. h6 R4f5 32. e6 Be5 33. e7 Rg8 34. hxg7+ Bxg7 35. Bxg7+ 1-0

[Event "Asian Games (Women)"]
[Site "Hangzhou"]
[Date "2023.09.26"]
[Round "6"]
[White "Al Khulaifi, Ghada"]
[Black "Kim, Sarang"]
[Result "0-1"]
[WhiteElo "1520"]
[BlackElo "1381"]
[PlyCount "76"]
[EventDate "2023.09.24"]
[EventType "swiss (rapid)"]
[EventRounds "9"]
[EventCountry "CHN"]
[SourceTitle "CBM 216 Extra"]
[Source "ChessBase"]
[SourceDate "2023.11.30"]
[SourceVersion "1"]
[SourceVersionDate "2023.11.30"]
[SourceQuality "1"]

1. d4 d5 2. c4 e6 3. Nc3 Nf6 4. cxd5 exd5 5. Bg5 Be7 6. e3 Bf5 7. Bd3 Bg6 8. Nge2 c6 9. 0-0 Ne4 10. Bf4 Nd7 11. f3 Nxc3 12. bxc3 f5 13. Ng3 0-0 14. Qc2 Bg5 15. Bxg5 Qxg5 16. f4 Qf6 17. c4 c5 18. Qf2 dxc4 19. Bxc4+ Kh8 20. Rae1 Nb6 21. Bd3 Rad8 22. Ne2 c4 23. Bc2 Nd5 24. Ng3 Rfe8 25. e4 Nb4 26. e5 Qb6 27. Rb1 Qa5 28. Qd2 c3 29. Qxc3 Rc8 30. Qxb4 Qxb4 31. Rxb4 Rxc2 32. Rxb7 Rxa2 33. h4 h5 34. d5 Rc8 35. Rfb1 Rcc2 36. Nh1 Rxg2+ 37. Kf1 Rh2 38. e6 Rxh1# 0-1

[Event "Asian Games (Women)"]
[Site "Hangzhou"]
[Date "2023.09.24"]
[Round "2"]
[White "Kim, Sarang"]
[Black "Rouda Essa, Alserkal"]
[Result "0-1"]
[WhiteElo "1381"]
[BlackElo "1912"]
[PlyCount "41"]
[EventDate "2023.09.24"]
[EventType "swiss (rapid)"]
[EventRounds "9"]
[EventCountry "CHN"]
[SourceTitle "CBM 216 Extra"]
[Source "ChessBase"]
[SourceDate "2023.11.30"]
[SourceVersion "1"]
[SourceVersionDate "2023.11.30"]
[SourceQuality "1"]

1. e4 c5 2. Nf3 Nc6 3. Bb5 e6 4. 0-0 Nge7 5. c3 a6 6. Bxc6 Nxc6 7. d4 cxd4 8. cxd4 d5 9. exd5 exd5 10. Bf4 Bg4 11. Nc3 Be7 12. h3 Bxf3 13. Qxf3 Nxd4 14. Qd3 Ne6 15. Nxd5 Bc5 16. Qf5 0-0 17. Rac1 Nd4 18. Bc7 Qh4 19. Qd3 Ne6 20. Bg3 Qg5 21. Qb3 0-1